000
00308nam a22001337a 4500
008
170615b xxu||||| |||| 00| 0 eng d
020
_a
9780801303982
041
_a
eng
080
_2
4 ED
_a
32
100
_a
19
101
_a
SHP
245
_a
CHILD WELFAR POLICIE PRACTICE
_c
COSTIN.L
942
_2
udc
_c
BK
999
_c
17619
_d
17619